000 00421nam a22001577a 4500
003 OSt
005 20150915160457.0
008 150915b xxu||||| |||| 00| 0 eng d
040 _cRUA
082 _aAGR SOK 2003 B029 Or.1
100 _9537
_aSOK SARAN
245 _aComparing of fertlizer on chilli pepper crop in svay rieng province
260 _aphnom penh
_bRUA
_c2003
300 _a56p.
_cill.
_g29cm.
942 _2ddc
_cAGR
999 _c516
_d516